书目信息 |
| 题名: |
热力学
|
|
| 作者: | 熊吟涛 编 | |
| 分册: | ||
| 出版信息: | 北京 人民教育出版社 1979.05 |
|
| 页数: | 221页 | |
| 开本: | 19cm | |
| 丛书名: | ||
| 单 册: | ||
| 中图分类: | O414.1 | |
| 科图分类: | ||
| 主题词: | 理论物理学 | |
| 电子资源: | ||
| ISBN: | ||
| 000 | 00513nam0 2200205 45 | |
| 001 | 0312221749 | |
| 005 | 20060815081408.35 | |
| 010 | @dCNY0.53 | |
| 091 | @a13012.0359 | |
| 100 | @a20031222d1979 km y0chiy0120 ea | |
| 101 | @achi | |
| 200 | 1 | @a热力学@ARe Li Xue@f熊吟涛等编@FXiong Yin Tao Deng Bian |
| 205 | @a3版 | |
| 210 | @a北京@c人民教育出版社@d1979.05 | |
| 215 | @a221页@d19cm | |
| 606 | 0 | @a理论物理学 |
| 690 | @aO414.1@v3 | |
| 701 | 0 | @a熊吟涛@4编 |
| 801 | @aCN@bTSTCL@c20060815 | |
| 905 | @dO414.1@e15=3 | |
| 热力学/熊吟涛等编.-3版.-北京:人民教育出版社,1979.05 |
| 221页;19cm |
| ISBN :CNY0.53 |
| ● |
| 相关链接 |
|
|
|
|
正题名:热力学
索取号:O414.1/15=3
 
预约/预借
| 序号 | 登录号 | 条形码 | 馆藏地/架位号 | 状态 | 备注 |
| 1 | 0033265 | 001053763 | 第二样本阅览室/ [索取号:O414.1/15=3] | 在馆 | |
| 2 | 0170758 | 001053807 | 密集书库/ [索取号:O414.1/15=3] | 在馆 | |
| 3 | 0170759 | 001053790 | 第三借阅区/ [索取号:O414.1/15=3] | 在馆 | |
| 4 | 0432500 | 204325006 | 密集书库/ [索取号:O414.1/15=3] | 在馆 | |
| 5 | 0433551 | 204335512 | 密集书库/ [索取号:O414.1/15=3] | 在馆 | |
| 6 | 0433552 | 204335521 | 密集书库/ [索取号:O414.1/15=3] | 在馆 | |
| 7 | 0434152 | 204341523 | 密集书库/ [索取号:O414.1/15=3] | 在馆 | |
| 8 | 0454407 | 204544074 | 密集书库/ [索取号:O414.1/15=3] | 在馆 | |
| 9 | 0454408 | 204544083 | 密集书库/ [索取号:O414.1/15=3] | 在馆 | |
| 10 | 0454409 | 204544092 | 密集书库/ [索取号:O414.1/15=3] | 在馆 | |
| 11 | 0454410 | 204544109 | 密集书库/ [索取号:O414.1/15=3] | 在馆 | |
| 12 | 0454414 | 204544145 | 密集书库/ [索取号:O414.1/15=3] | 在馆 | |
| 13 | 0454415 | 204544154 | 密集书库/ [索取号:O414.1/15=3] | 在馆 | |
| 14 | 0454419 | 204544190 | 密集书库/ [索取号:O414.1/15=3] | 在馆 | |
| 15 | 0461375 | 204613757 | 密集书库/ [索取号:O414.1/15=3] | 在馆 | |
| 16 | 0461376 | 204613766 | 密集书库/ [索取号:O414.1/15=3] | 在馆 |